Formación de formadores. Metodología docente en Ciencias de la Salud. (Registro nro. 794)
[ vista simple ]
| 000 -LEADER | |
|---|---|
| fixed length control field | 00916 am a2200229 a 4500 |
| 005 - FECHA ULTIMA MODIFICACION | |
| control field | 20231221083059.0 |
| 008 - CAMPO DE CONTROL (LIBRO) | |
| fixed length control field | 101006s2000||||ag d f |||| 000 0 spa d |
| 020 ## - INTERNATIONAL STANDARD BOOK NUMBER | |
| ISBN | 9879823745 |
| 041 ## - CODIGO DE IDIOMA | |
| Código de idioma del texto/pista de sonido o título separado | spa |
| 092 ## - SIGNATURA TOPOGRAFICA DEWEY LOCAL | |
| número de clasificación | 610.7 |
| libristica | 2 |
| sección | AFA |
| 110 1# - ENTRADA PRINCIPAL-AUTOR CORPORATIVO | |
| Nombre de la institución, jurisdicción como entrada principal | AFACIMERA. |
| 9 (RLIN) | 1378 |
| 245 ## - TITULO PROPIAMENTE DICHO | |
| Título | Formación de formadores. Metodología docente en Ciencias de la Salud. |
| Subtítulo y Título paralelo | T.5 Habilidades profesionales. Enseñanza de procedimientos / |
| Mención de responsabilidad y remanente de la transcripción de la portada | AFACIMERA. |
| 250 ## - MENCION DE EDICION | |
| Mención de edición | 1a ed. |
| 260 ## - PIE DE IMPRENTA | |
| Lugar de publicación, distribución, etc | Buenos Aires: |
| Nombre de la editorial, distribuidor, etc | AFACIMERA; |
| Fecha de publicación | 2000. |
| 300 ## - DESCRIPCION FISICA | |
| Extension | 93 p. |
| 500 ## - NOTA GENERAL | |
| Nota general | AFACIMERA. (2000) Formación de formadores. Metodología docente en Ciencias de la Salud. T.5 Habilidades profesionales. Enseñanza de procedimientos. (1a ed.). Buenos Aires : AFACIMERA. |
| 590 ## - NOTAS LOCALES (RLIN) | |
| Nota local | AFACIMERA: Asociación de Facultades de Ciencias Medicas de la Republica Argentina. |
| 653 ## - TÉRMINO INDIZADO - PALABRAS CLAVES | |
| Palabra clave | Ciencias Medicas |
| 653 ## - TÉRMINO INDIZADO - PALABRAS CLAVES | |
| Palabra clave | Formación docente |
| 930 ## - NUMERO DE INVENTARIO | |
| Número de inventario | 359 |
| 942 ## - ADDED ENTRY ELEMENTS (KOHA) | |
| Source of classification or shelving scheme | Dewey Decimal Classification |
| Item type | Libros |
| Estado de retiro | Existencia | Fuente de clasificación | Estado general | No para prestamo | Ubicación permanente | ubicación actual | Sala de ubicación | Fecha de adquisición | Total Checkouts | Número de clasificación | Código de barras | Date last seen | Date last borrowed | Número de ejemplar | Price effective from | Koha tipo de elemento (item) | Public note | Coded location qualifier |
|---|---|---|---|---|---|---|---|---|---|---|---|---|---|---|---|---|---|---|
| Dewey Decimal Classification | Biblioteca Medicina | Biblioteca Medicina | Circulación | 13/05/2011 | 1 | 610.7 2 AFA | 359 | 06/11/2014 | 21/05/2013 | ej.1 | 13/05/2011 | Libros | Hemeroteca 2022 |